In the year of the boar and Jackie Robinson / (Record no. 7143)
[ view plain ]
| 000 -LEADER | |
|---|---|
| fixed length control field | 01017nam a22003017a 4500 |
| 001 - CONTROL NUMBER | |
| control field | 7143 |
| 003 - CONTROL NUMBER IDENTIFIER | |
| control field | FISKH |
| 005 - DATE AND TIME OF LATEST TRANSACTION | |
| control field | 20250821141357.0 |
| 008 - FIXED-LENGTH DATA ELEMENTS--GENERAL INFORMATION | |
| fixed length control field | 250630b cb ||||| |||| 00| 0 eng d |
| 020 ## - INTERNATIONAL STANDARD BOOK NUMBER | |
| International Standard Book Number | 0439079594 |
| 040 ## - CATALOGING SOURCE | |
| Original cataloging agency | FISKH |
| Language of cataloging | eng |
| Transcribing agency | FISKH |
| Modifying agency | FISKH |
| 050 ## - LIBRARY OF CONGRESS CALL NUMBER | |
| Classification number | PZ7.L8773 I |
| 082 ## - DEWEY DECIMAL CLASSIFICATION NUMBER | |
| Classification number | 796 |
| 100 ## - MAIN ENTRY--PERSONAL NAME | |
| Personal name | Lord, Bao Bette |
| Dates associated with a name | (1938-) |
| 245 ## - TITLE STATEMENT | |
| Title | In the year of the boar and Jackie Robinson / |
| Statement of responsibility, etc. | Bette Bao Lord ; Illustrations by Marc Simont |
| 250 ## - EDITION STATEMENT | |
| Edition statement | This edition first published in 1984 |
| 260 ## - PUBLICATION, DISTRIBUTION, ETC. | |
| Place of publication, distribution, etc. | New York : |
| Name of publisher, distributor, etc. | Scholastic, |
| Date of publication, distribution, etc. | 1984 |
| 300 ## - PHYSICAL DESCRIPTION | |
| Extent | 169 pages : |
| Other physical details | illustrations ; |
| Dimensions | 18 cm |
| 505 ## - FORMATTED CONTENTS NOTE | |
| Formatted contents note | R<br/> |
| 520 ## - SUMMARY, ETC. | |
| Summary, etc. | In 1947, a Chinese child comes to Brooklyn where she becomes Americanized at school, in her apartment building, and by her love for baseball.<br/> |
| 521 8# - TARGET AUDIENCE NOTE | |
| Target audience note | 730<br/> |
| Source | Lexile<br/> |
| 521 8# - TARGET AUDIENCE NOTE | |
| Target audience note | R<br/> |
| Source | Raz-Plus<br/> |
| 650 ## - SUBJECT ADDED ENTRY--TOPICAL TERM | |
| Source of heading or term | Asian American |
| Topical term or geographic name entry element | Jackie Robinson |
| 650 ## - SUBJECT ADDED ENTRY--TOPICAL TERM | |
| Source of heading or term | Historical fiction |
| Topical term or geographic name entry element | Immigrants |
| 700 ## - ADDED ENTRY--PERSONAL NAME | |
| Personal name | Simont, Marc |
| Dates associated with a name | illustrator |
| 942 ## - ADDED ENTRY ELEMENTS (KOHA) | |
| Source of classification or shelving scheme | Dewey Decimal Classification |
| Koha item type | Books |
| Suppress in OPAC | No |
| Withdrawn status | Lost status | Source of classification or shelving scheme | Damaged status | Not for loan | Collection | Home library | Current library | Shelving location | Date acquired | Total Checkouts | Full call number | Barcode | Date last seen | Copy number | Price effective from | Koha item type |
|---|---|---|---|---|---|---|---|---|---|---|---|---|---|---|---|---|
| Dewey Decimal Classification | Juvenile Fiction | Footprints International School Library Network Toul Tom Poung Campus | Footprints International School Library Network Toul Tom Poung Campus | TTP Primary Orange Bookshelves | 06/30/2025 | LOR 796 PZ7.L8773 I | 2025-1696 | 06/30/2025 | 1 | 06/30/2025 | Books | |||||
| Dewey Decimal Classification | Juvenile Fiction | Footprints International School Library Network Toul Tom Poung Campus | Footprints International School Library Network Toul Tom Poung Campus | TTP Primary Orange Bookshelves | 08/21/2025 | LOR 796 PZ7.L8773 I | FISO1023 | 08/21/2025 | 2 | 08/21/2025 | Books |
